| 000 | 00595nam a22002057a 4500 | ||
|---|---|---|---|
| 008 | 151130b xxu||||| |||| 00| 0 eng d | ||
| 020 | _a0133901629 | ||
| 041 | 0 | _aeng | |
| 080 |
_a930 _x(73) |
||
| 100 | 1 | _aButton, H. Warren. | |
| 245 | 1 | 0 |
_aHistory of education and culture in America / _cH. Warren Button, Eugene F. Provenzo, Jr. |
| 250 | _a2nd ed. | ||
| 260 |
_aEnglewood Cliffs, N.J. : _bPrentice Hall, _c1989. |
||
| 300 |
_ax, 371 f. : _bme ill. ; _c24 cm. |
||
| 650 | 0 |
_aHistori _zAmerika |
|
| 650 | 0 | _aEdukim | |
| 650 | 0 | _aKulturë | |
| 700 | 1 | _aProvenzo, Eugene F. | |
| 942 |
_2udc _cBK |
||
| 999 |
_c1391 _d1391 |
||